000 00499nam a2200193Ia 4500
005 20250603145211.0
008 250603s9999 xx 000 0 und d
020 _a9781118583180
050 _aQP 36 .T67/
100 _aTortora, Gerard J.
245 0 _aIntroduction to the human body: the essentials of anatomy and physiology
250 _a10th ed.
260 _aNew Jersey
260 _bJohn Wiley & Sons Inc.
260 _c2015
300 _a563 p
650 _aNew Jersey
942 _cBK
999 _c41165
_d41165